Statistieken voor België Steden Kaart-Quiz

Klik hier om de quiz te nemen!

Algemene statistieken

  • Deze quiz is 883 keer genomen
    (482 sinds de laatste reset)
  • De gemiddelde score is 9 van 12

Antwoorden op de kaart

Antwoorden kleurgecodeerd door een groen-rode schaal op de quizkaart volgens % correct hieronder.
 

Antwoordstatistieken

Antwoord% Correct
Antwerpen
89%
Brugge
88%
Brussel
86%
Gent
86%
Leuven
78%
Hasselt
77%
Luik
74%
Bergen
72%
Aarlen
70%
Mechelen
67%
Charleroi
66%
Namen
61%

Scoreverdeling

Percentiel versus Aantal Correcte Antwoorden

Procent van Mensen met Elke Score

Uw Scoregeschiedenis

U heeft deze quiz nog niet genomen sinds de laatste reset